01514nam a2200409 i 450000100060000000300090000600500170001500800390003201500170007102000150008803500210010304000280012404600090015208000150016108000120017610000380018824500470022626000480027330000600032133600270038133700540040833800280046238000160049038000270050638500390053338800140057238800140058649000330060050400330063352101880066665800280085465500300088265000280091271000340094083000320097485600980100632501KOSZ 00520200302133551.0980623s1997 pl a f f |000 0 pol aPB 1998/7752 a8301122765 a(OCoLC)749198947 aWA NcWA NdKOSZ 005/HR k1997 a621.82/.85 a(075.8)1 aDudziak, Mariand(1941- ).eAutor10aPrzekładnie cięgnowe /cMarian Dudziak. aWarszawa :bWydawnictwo Naukowe PWN,c1997. a294, [1] s. :bfot., rys., wykr. ;c24 cm +eDyskietka. 2rdacontentaTekstbtxt 2rdamediaaBez urządzenia pośredniczącegobn 2rdacarrieraWoluminbnc aKsiążki aPublikacje dydaktyczne mPoziom nauczaniaaSzkoły wyższe a1901-2000 a1989-20001 aPodstawy Konstrukcji Maszyn. aBibliogr., normy przy rozdz. aDla studentów wyższych szkół tech. kierunek mechanika, transport, automatyka, robotyka, elektrotechnika, technika rolnicza, górnictwo oraz inż. mechaników i elektryków. aInżynieria i technika 4aPodręczniki akademickie 4aPrzekładnie cięgnowe2 aWydawnictwo Naukowe PWN4pbl. 0aPodstawy Konstrukcji Maszyn uhttp://koha.tu.koszalin.pl/cgi-bin/koha/opac-detail.pl?biblionumber=32501yKatalog online BPK